Statistics for ufc pound for pound rankings

Click here to take the quiz!

General Stats

  • This quiz has been taken 73 times
  • The average score is 9 of 15

Answer Stats

HintAnswer% Correct
#2Alexander Volkanovski
95%
#1jon jones
89%
#3Islam Makhachev
87%
#5Israel Adesanya
78%
#4Leon Edwards
65%
#8Sean O'Malley
64%
#12Alex Pereira
62%
#6Charles Oliveira
55%
#7Kamaru Usman
53%
#10Aljamain Sterling
49%
#11Max Holloway
49%
#9Alexandre Pantoja
44%
#13Jiří Procházka
44%
#15Jamahal Hill
38%
#14Justin Gaethje
36%

Score Distribution

Percentile by Number Answered

Percent of People with Each Score

Your Score History

You have not taken this quiz